[Event "Mittelfrankenliga 05/06 (B2a)"]
[Site "Mfr.2005/06-R8"]
[Date "2006.04.02"]
[Round "8.8"]
[White "Heckel, Andreas"]
[Black "Linkies, Sebastian"]
[Result "1/2-1/2"]
[WhiteElo "1570"]
[BlackElo "1420"]
[Annotator "Altensittenbach2-Lauf1"]
[PlyCount "43"]
[EventDate "2006.04.02"]
[SourceDate "2005.10.17"]

1. e4 e5 2. Nf3 Nc6 3. Bb5 a6 4. Bxc6 dxc6 5. O-O Bg4 6. h3 Bh5 7. d3 Bd6 8.
Be3 Qf6 9. Nbd2 h6 10. d4 Qg6 11. dxe5 Be7 12. Qe1 Bxf3 13. Nxf3 Qxe4 14. Qc3
O-O-O 15. Rad1 f6 16. Rxd8+ Bxd8 17. Rd1 fxe5 18. Qxe5 Qxe5 19. Nxe5 Nf6 20.
Nf7 Rf8 21. Nxd8 Rxd8 22. Rxd8+ 1/2-1/2

[Event "Mittelfrankenliga 05/06 (B2a)"]
[Site "Mfr.2005/06-R8"]
[Date "2006.04.02"]
[Round "8.1"]
[White "Lausen, Berthold,Dr."]
[Black "Seeger, Peter"]
[Result "0-1"]
[WhiteElo "1960"]
[BlackElo "2021"]
[Annotator "Eckental1-SG/TB Erlangen2"]
[PlyCount "94"]
[EventDate "2006.04.02"]
[SourceDate "2005.10.17"]

1. d4 Nf6 2. c4 c5 3. Nf3 cxd4 4. Nxd4 e5 5. Nc2 d5 6. Bg5 d4 7. g3 Nc6 8. Bg2
Be7 9. O-O Be6 10. Nd2 O-O 11. b3 h6 12. Bxf6 Bxf6 13. Ne1 g6 14. Ne4 Be7 15.
Nd3 f5 16. Nec5 Bf7 17. Nxb7 Qb6 18. c5 Qxb7 19. Nxe5 Be8 20. Qxd4 Nxd4 21.
Bxb7 Rb8 22. Bd5+ Kh7 23. e3 Ne2+ 24. Kg2 Nc3 25. Bf3 Bf6 26. Nc4 Ne4 27. Rac1
Nxc5 28. Nd6 Ne6 29. Rfd1 Rd8 30. Nxe8 Rfxe8 31. Rxd8 Bxd8 32. Rc6 Re7 33. Bd5
Ng5 34. h4 Ne4 35. Rc8 Bb6 36. h5 gxh5 37. Rf8 Kg6 38. Rg8+ Rg7 39. Re8 Nf6 40.
Re6 Rd7 41. Bc6 Rd2 42. Be8+ Kg7 43. Re7+ Kg8 44. a4 Nd5 45. Re5 Nxe3+ 46. Kh3
Rxf2 47. Bxh5 Nf1 0-1

[Event "Mittelfrankenliga 05/06 (B2a)"]
[Site "Mfr.2005/06-R8"]
[Date "2006.04.02"]
[Round "8.2"]
[White "Rohrbach, Frank"]
[Black "Weiss, Markus[86]"]
[Result "1-0"]
[WhiteElo "2079"]
[BlackElo "1921"]
[Annotator "Eckental1-SG/TB Erlangen2"]
[PlyCount "71"]
[EventDate "2006.04.02"]
[SourceDate "2005.10.17"]

1. d4 Nf6 2. c4 g6 3. Nc3 Bg7 4. e4 d6 5. Be2 O-O 6. Nf3 e5 7. O-O Nc6 8. d5
Ne7 9. Nd2 Ne8 10. b4 a5 11. bxa5 Rxa5 12. Nb3 Ra8 13. c5 f5 14. a4 f4 15. Ba3
g5 16. Bg4 Ng6 17. Bxc8 Qxc8 18. f3 Nh4 19. Bb4 Rf6 20. Rf2 g4 21. fxg4 Bh6 22.
Kh1 Qd7 23. Raa2 Ng7 24. Nb5 f3 25. g3 Qxg4 26. gxh4 Qxe4 27. cxd6 Qxb4 28.
dxc7 Be3 29. d6 Qxh4 30. d7 Rff8 31. Qd5+ Kh8 32. Rxf3 Qe1+ 33. Kg2 Qg1+ 34.
Kh3 Rxf3+ 35. Qxf3 h5 36. d8=Q+ 1-0

[Event "Mittelfrankenliga 05/06 (B2a)"]
[Site "Mfr.2005/06-R8"]
[Date "2006.04.02"]
[Round "8.3"]
[White "Albrecht, Thorsten"]
[Black "Reichenberger, Helmut,Dr."]
[Result "1-0"]
[WhiteElo "1964"]
[BlackElo "1837"]
[Annotator "Eckental1-SG/TB Erlangen2"]
[PlyCount "65"]
[EventDate "2006.04.02"]
[SourceDate "2005.10.17"]

1. d4 d6 2. Bf4 Nf6 3. h3 c6 4. Nf3 Nbd7 5. c4 Qc7 6. Nc3 e5 7. dxe5 dxe5 8.
Bh2 Bc5 9. e3 O-O 10. Be2 Re8 11. O-O a6 12. a3 Nf8 13. b4 Ba7 14. Qc2 Ng6 15.
Rfd1 Bd7 16. Rd2 Rad8 17. Rad1 Bb8 18. c5 Re7 19. Bc4 Rf8 20. Ng5 Qc8 21. Bg3
Be8 22. Na4 Bc7 23. Nc3 Bb8 24. Rd8 Qc7 25. R8d2 Qc8 26. Nge4 Nxe4 27. Nxe4 Rd7
28. Nd6 Bxd6 29. Rxd6 Rxd6 30. Rxd6 Bd7 31. Qb3 Qe8 32. h4 h5 33. Rxg6 1-0

[Event "Mittelfrankenliga 05/06 (B2a)"]
[Site "Mfr.2005/06-R8"]
[Date "2006.04.02"]
[Round "8.4"]
[White "Theimer, Matthias"]
[Black "Jillek, Werner,Dr."]
[Result "0-1"]
[WhiteElo "1748"]
[BlackElo "1906"]
[Annotator "Eckental1-SG/TB Erlangen2"]
[PlyCount "60"]
[EventDate "2006.04.02"]
[SourceDate "2005.10.17"]

1. c4 f5 2. d4 e6 3. Nc3 Nf6 4. Nf3 Be7 5. e3 b6 6. Be2 Bb7 7. b3 O-O 8. Bb2
Qe8 9. O-O Qg6 10. g3 d6 11. Nh4 Qh6 12. Bf3 Ne4 13. Ng2 Nd7 14. d5 Nxc3 15.
Bxc3 e5 16. e4 f4 17. Bd2 g5 18. Bg4 Nf6 19. Be6+ Kh8 20. f3 Bc8 21. Bxc8 Raxc8
22. g4 Qh3 23. Rf2 h5 24. gxh5 g4 25. fxg4 Nxg4 26. Qf3 Qxh2+ 27. Kf1 Nxf2 28.
Kxf2 Bh4+ 29. Kf1 Rg8 30. Be1 Qh1+ 0-1

[Event "Mittelfrankenliga 05/06 (B2a)"]
[Site "Mfr.2005/06-R8"]
[Date "2006.04.02"]
[Round "8.5"]
[White "Staehle, Philipp"]
[Black "Bauer, Klaus[66]"]
[Result "0-1"]
[WhiteElo "1814"]
[BlackElo "1798"]
[Annotator "Eckental1-SG/TB Erlangen2"]
[PlyCount "86"]
[EventDate "2006.04.02"]
[SourceDate "2005.10.17"]

1. e4 e5 2. Nf3 Nc6 3. Bc4 Bc5 4. O-O Nf6 5. Re1 O-O 6. c3 d6 7. d4 exd4 8.
cxd4 Bb6 9. Bg5 h6 10. Bh4 g5 11. Bg3 Bg4 12. d5 Nd4 13. Nbd2 Nh5 14. h3 Bxf3
15. Nxf3 Nxf3+ 16. Qxf3 Nxg3 17. Qxg3 Qf6 18. e5 dxe5 19. Re2 Bd4 20. Rd1 Rad8
21. Rd3 Rd6 22. Rf3 Qg7 23. Qg4 f6 24. Qf5 Qh7 25. Qg4 h5 26. Qf5 Qxf5 27. Rxf5
Kg7 28. Rc2 Rc8 29. g4 h4 30. Kg2 a6 31. a4 Kf7 32. Rf3 Ke7 33. Rb3 Rb6 34. Kf3
Rxb3+ 35. Bxb3 c5 36. dxc6 Rxc6 37. Rd2 Kd6 38. Ke4 Rc1 39. Bd1 Ke7 40. Bb3 Rh1
41. Bd5 b6 42. Kf5 Rxh3 43. Rc2 Rh2 0-1

[Event "Mittelfrankenliga 05/06 (B2a)"]
[Site "Mfr.2005/06-R8"]
[Date "2006.04.02"]
[Round "8.7"]
[White "Hetzner, Andreas"]
[Black "Laibold, Lorenz"]
[Result "1-0"]
[WhiteElo "1777"]
[BlackElo "1793"]
[Annotator "Eckental1-SG/TB Erlangen2"]
[PlyCount "103"]
[EventDate "2006.04.02"]
[SourceDate "2005.10.17"]

1. e4 c5 2. Nc3 d6 3. g3 Nc6 4. Bg2 Nf6 5. f4 Bg4 6. Nce2 Qb6 7. c3 g6 8. d3
Bg7 9. h3 Bxe2 10. Qxe2 Nd7 11. Nf3 h6 12. Nh4 O-O-O 13. Be3 Bf6 14. Nf3 e6 15.
O-O Rhg8 16. Rac1 Qa6 17. Qc2 g5 18. fxg5 hxg5 19. g4 Be7 20. Nd2 Rdf8 21. d4
Kb8 22. b4 cxd4 23. cxd4 Qa3 24. Nc4 Qa6 25. Qb3 b5 26. Nb2 Qb7 27. e5 d5 28.
Nd3 f6 29. Nc5 Bxc5 30. bxc5 fxe5 31. dxe5 Ndxe5 32. Rxf8+ Rxf8 33. Bxg5 Nd4
34. Qe3 Ndf3+ 35. Bxf3 Nxf3+ 36. Kg2 d4 37. Bf4+ Ne5+ 38. c6 Qc7 39. Qxd4 Rxf4
40. Qxf4 Nxc6 41. Qxc7+ Kxc7 42. Kf3 Kd6 43. Rxc6+ Kxc6 44. h4 Kd6 45. Ke4 a5
46. h5 Ke7 47. h6 Kf7 48. Kd4 b4 49. Kc4 e5 50. Kd5 Kf6 51. g5+ Kg6 52. Kxe5
1-0

[Event "Mittelfrankenliga 05/06 (B2a)"]
[Site "Mfr.2005/06-R8"]
[Date "2006.04.02"]
[Round "8.8"]
[White "Hager, Lothar"]
[Black "Orban, Martin"]
[Result "0-1"]
[WhiteElo "1551"]
[BlackElo "1791"]
[Annotator "Eckental1-SG/TB Erlangen2"]
[PlyCount "78"]
[EventDate "2006.04.02"]
[SourceDate "2005.10.17"]

1. Nf3 Nf6 2. g3 g6 3. Bg2 Bg7 4. O-O O-O 5. d3 d5 6. Nbd2 Nc6 7. c3 e5 8. e4
dxe4 9. dxe4 Qe7 10. Qe2 Be6 11. Re1 h6 12. h3 Rad8 13. Nf1 Qd7 14. Kh2 Qd3 15.
N1d2 a6 16. Qd1 Nxe4 17. Bf1 Nxf2 18. Bxd3 Nxd1 19. Kg2 Rxd3 20. Rxd1 Bd5 21.
Re1 Rxd2+ 22. Bxd2 e4 23. Be3 exf3+ 24. Kf2 Ne5 25. Rad1 Bc4 26. Bc5 Re8 27.
Re3 b6 28. Bd4 Be2 29. Rd2 h5 30. Bxe5 Rxe5 31. Rd7 Rxe3 32. Kxe3 Be5 33. Kf2
Kf8 34. Rd5 Bd6 35. b4 Ke7 36. a3 Ke6 37. Rd4 f5 38. g4 fxg4 39. hxg4 h4 0-1

[Event "Mittelfrankenliga 05/06 (B2a)"]
[Site "Mfr.2005/06-R8"]
[Date "2006.04.02"]
[Round "8.1"]
[White "Goetz, Dieter[65]"]
[Black "Nickmann, Peter"]
[Result "1/2-1/2"]
[WhiteElo "1872"]
[BlackElo "1924"]
[Annotator "SF Fürth2-Nbg.1911/2"]
[PlyCount "74"]
[EventDate "2006.04.02"]
[SourceDate "2005.10.17"]

1. c4 Nf6 2. Nc3 d5 3. cxd5 Nxd5 4. g3 e5 5. Bg2 c6 6. Nf3 Bd6 7. O-O O-O 8. d3
Nd7 9. Nd2 N7f6 10. Nc4 Be6 11. Nxd6 Qxd6 12. h3 Rad8 13. Qa4 Rfe8 14. Ne4 Nxe4
15. dxe4 b5 16. Qa5 Qc7 17. Qxc7 Nxc7 18. Be3 Na6 19. Rac1 Rc8 20. Rfd1 Rc7 21.
Rd6 Nb8 22. b3 f6 23. f4 Bf7 24. f5 Rec8 25. Rcd1 c5 26. Rd8+ Be8 27. Rxc8 Rxc8
28. Bxc5 Rxc5 29. Rd8 Kf8 30. Rxb8 Rc2 31. Bf3 g6 32. a4 bxa4 33. bxa4 Rc7 34.
a5 Rc1+ 35. Kf2 Ra1 36. Rb7 Rxa5 37. Rxh7 Bf7 1/2-1/2

[Event "Mittelfrankenliga 05/06 (B2a)"]
[Site "Mfr.2005/06-R8"]
[Date "2006.04.02"]
[Round "8.2"]
[White "Koschka, Robert"]
[Black "Hannweber, Markus"]
[Result "1/2-1/2"]
[WhiteElo "1834"]
[BlackElo "1853"]
[Annotator "SF Fürth2-Nbg.1911/2"]
[PlyCount "32"]
[EventDate "2006.04.02"]
[SourceDate "2005.10.17"]

1. e4 e5 2. f4 exf4 3. Nf3 d6 4. d4 Nf6 5. Nc3 Be7 6. Bxf4 O-O 7. Bd3 Bg4 8. h3
Bh5 9. O-O Nc6 10. Be3 Qd7 11. a3 a6 12. Qe1 Rae8 13. Qf2 Bd8 14. Nh4 b5 15. b4
Bg6 16. Nf5 Bxf5 1/2-1/2

[Event "Mittelfrankenliga 05/06 (B2a)"]
[Site "Mfr.2005/06-R8"]
[Date "2006.04.02"]
[Round "8.3"]
[White "Dereser, Marc"]
[Black "Koerber, Thomas"]
[Result "1/2-1/2"]
[WhiteElo "1851"]
[BlackElo "1920"]
[Annotator "SF Fürth2-Nbg.1911/2"]
[PlyCount "21"]
[EventDate "2006.04.02"]
[SourceDate "2005.10.17"]

1. d4 f5 2. c4 Nf6 3. Nc3 g6 4. Nf3 Bg7 5. e3 d6 6. Bd3 O-O 7. O-O Nc6 8. e4
fxe4 9. Nxe4 Bg4 10. Be3 e5 11. d5 1/2-1/2

[Event "Mittelfrankenliga 05/06 (B2a)"]
[Site "Mfr.2005/06-R8"]
[Date "2006.04.02"]
[Round "8.4"]
[White "Beck, Gerhard[46]"]
[Black "Walter, Markus,Dr."]
[Result "1/2-1/2"]
[WhiteElo "1935"]
[BlackElo "1963"]
[Annotator "SF Fürth2-Nbg.1911/2"]
[PlyCount "21"]
[EventDate "2006.04.02"]
[SourceDate "2005.10.17"]

1. e4 c6 2. d4 d5 3. exd5 cxd5 4. c4 Nf6 5. Nc3 e6 6. Nf3 Bb4 7. Bf4 Ne4 8. Rc1
Qa5 9. Qb3 Nd7 10. Bd3 Ndf6 11. O-O 1/2-1/2

[Event "Mittelfrankenliga 05/06 (B2a)"]
[Site "Mfr.2005/06-R8"]
[Date "2006.04.02"]
[Round "8.5"]
[White "Leibing, Kai-Ingo"]
[Black "Vinokur, Mykhaylo"]
[Result "1-0"]
[WhiteElo "1850"]
[BlackElo "1787"]
[Annotator "SF Fürth2-Nbg.1911/2"]
[PlyCount "80"]
[EventDate "2006.04.02"]
[SourceDate "2005.10.17"]

1. b3 e5 2. Bb2 d6 3. g3 Nc6 4. Bg2 Bd7 5. d3 Nf6 6. Nd2 Be7 7. Ngf3 h6 8. e3
O-O 9. O-O Qc8 10. a3 Bh3 11. c4 Bxg2 12. Kxg2 a5 13. Qc2 b6 14. d4 exd4 15.
exd4 Nd7 16. Qe4 Qb7 17. d5 Nce5 18. Nxe5 Nxe5 19. f4 Ng6 20. f5 Ne5 21. Nf3
Rae8 22. Nxe5 dxe5 23. Rae1 f6 24. Bc1 Rf7 25. Qg4 Kf8 26. Qg6 Bd6 27. Re4 Ree7
28. h4 Ke8 29. g4 Kd7 30. g5 hxg5 31. hxg5 b5 32. Qh5 bxc4 33. bxc4 Bc5 34. Qe2
Qb6 35. Qc2 Rf8 36. g6 Rb8 37. Qa4+ Kd6 38. Bd2 Ra8 39. Rb1 Qa6 40. Rb5 Ree8
1-0

[Event "Mittelfrankenliga 05/06 (B2a)"]
[Site "Mfr.2005/06-R8"]
[Date "2006.04.02"]
[Round "8.6"]
[White "Buchta, Juergen"]
[Black "Hennig, Andreas"]
[Result "0-1"]
[WhiteElo "1763"]
[BlackElo "1837"]
[Annotator "SF Fürth2-Nbg.1911/2"]
[PlyCount "70"]
[EventDate "2006.04.02"]
[SourceDate "2005.10.17"]

1. e4 e6 2. d4 d5 3. exd5 exd5 4. Nf3 Nf6 5. Bd3 Be7 6. h3 O-O 7. Bf4 Re8 8.
O-O Nbd7 9. Nbd2 Nf8 10. c3 Ne6 11. Bh2 c5 12. Bb5 Bd7 13. Bxd7 Qxd7 14. dxc5
Nxc5 15. Nb3 Rad8 16. Nfd4 Nfe4 17. Re1 b6 18. Qc2 Bh4 19. g3 Bf6 20. Kg2 Ng5
21. g4 h5 22. f3 hxg4 23. hxg4 g6 24. Bg3 Kg7 25. Rxe8 Rxe8 26. Re1 Rxe1 27.
Bxe1 Qe8 28. Bg3 Qh8 29. Nxc5 bxc5 30. Ne2 Qh3+ 31. Kf2 Qh1 32. Ng1 d4 33. Qd3
Ne6 34. f4 Bh4 35. f5 Qh2+ 0-1

[Event "Mittelfrankenliga 05/06 (B2a)"]
[Site "Mfr.2005/06-R8"]
[Date "2006.04.02"]
[Round "8.7"]
[White "Zimmer, Frank,Dr."]
[Black "Holzschuh, Tobias"]
[Result "0-1"]
[WhiteElo "1807"]
[BlackElo "1652"]
[Annotator "SF Fürth2-Nbg.1911/2"]
[PlyCount "60"]
[EventDate "2006.04.02"]
[SourceDate "2005.10.17"]

1. e4 c5 2. d4 cxd4 3. c3 dxc3 4. Nxc3 Nc6 5. Nf3 Nf6 6. Bc4 e6 7. Qe2 d6 8.
O-O Be7 9. Rd1 e5 10. a3 O-O 11. Be3 Be6 12. Bxe6 fxe6 13. Qc4 Qc8 14. Rac1 a6
15. Qb3 b5 16. Nxb5 axb5 17. Qxb5 Ra6 18. Rc4 Nd7 19. Rdc1 Ndb8 20. Ne1 Qc7 21.
Nd3 Ra5 22. Qb3 Qd7 23. Qc3 Ra6 24. b4 d5 25. exd5 exd5 26. b5 d4 27. bxc6 Nxc6
28. Qb3 Rxa3 29. Qb5 Rxd3 30. Rxc6 dxe3 0-1

[Event "Mittelfrankenliga 05/06 (B2a)"]
[Site "Mfr.2005/06-R8"]
[Date "2006.04.02"]
[Round "8.8"]
[White "Bruckner, Paul"]
[Black "Huger, Horst"]
[Result "0-1"]
[WhiteElo "1530"]
[BlackElo "1825"]
[Annotator "SF Fürth2-Nbg.1911/2"]
[PlyCount "84"]
[EventDate "2006.04.02"]
[SourceDate "2005.10.17"]

1. e4 c6 2. d4 d5 3. exd5 cxd5 4. Nf3 Nf6 5. Bd3 Nc6 6. c3 Bg4 7. Bf4 e6 8.
Nbd2 Be7 9. Qc2 Rc8 10. a3 a6 11. Rc1 Bh5 12. O-O Bg6 13. Qb1 Bxd3 14. Qxd3 b5
15. Rfe1 Nh5 16. Bg3 Nxg3 17. fxg3 Qb6 18. Kh1 O-O 19. Ne5 Nxe5 20. Rxe5 b4 21.
axb4 Bxb4 22. Ra1 Be7 23. b4 Qb5 24. Qxb5 axb5 25. Re3 Rc7 26. h3 Rfc8 27. Nb1
g6 28. Kh2 h5 29. Ra5 Rb7 30. h4 Bd8 31. Ra2 Rbb8 32. Rf3 Ra8 33. Rc2 Bb6 34.
Rff2 Kf8 35. Kh3 Ke7 36. g4 hxg4+ 37. Kxg4 Kd6 38. g3 f6 39. Kf3 e5 40. dxe5+
fxe5 41. Na3 Rxc3+ 42. Kg4 Rcxa3 0-1

[Event "Mittelfrankenliga 05/06 (B2a)"]
[Site "Mfr.2005/06-R8"]
[Date "2006.04.02"]
[Round "8.1"]
[White "Schatz, Christian"]
[Black "Regnat, Markus"]
[Result "1/2-1/2"]
[WhiteElo "2113"]
[BlackElo "2061"]
[Annotator "Neumarkt1-SZ Fürth1"]
[PlyCount "45"]
[EventDate "2006.04.02"]
[SourceDate "2005.10.17"]

1. d4 g6 2. c4 Bg7 3. Nc3 d6 4. e4 c6 5. Be3 Nd7 6. Nf3 Qc7 7. Be2 Ngf6 8. O-O
Ng4 9. Bf4 e5 10. Bg3 O-O 11. h3 Ngf6 12. c5 dxc5 13. Nxe5 Nxe5 14. dxe5 Ne8
15. f4 Qe7 16. a4 Nc7 17. Bc4 Bd7 18. f5 Bxe5 19. Bxe5 Qxe5 20. fxg6 Bxh3 21.
Rxf7 Be6 22. Bxe6 Nxe6 23. Qg4 1/2-1/2

[Event "Mittelfrankenliga 05/06 (B2a)"]
[Site "Mfr.2005/06-R8"]
[Date "2006.04.02"]
[Round "8.2"]
[White "Simon, Martin"]
[Black "Aronow, Maxim"]
[Result "0-1"]
[WhiteElo "1916"]
[BlackElo "2291"]
[Annotator "Neumarkt1-SZ Fürth1"]
[PlyCount "70"]
[EventDate "2006.04.02"]
[SourceDate "2005.10.17"]

1. e4 g6 2. d4 Bg7 3. c3 d6 4. f4 Nf6 5. Bd3 O-O 6. Nf3 Bg4 7. Be3 Nbd7 8. h3
Bxf3 9. Qxf3 e5 10. Nd2 Nh5 11. g4 Nxf4 12. Bxf4 exf4 13. Qxf4 c5 14. d5 Ne5
15. Be2 Qh4+ 16. Qf2 Qxf2+ 17. Kxf2 f5 18. exf5 gxf5 19. g5 f4 20. Ne4 f3 21.
Bf1 Rf4 22. Re1 Rd8 23. Re3 Kh8 24. Kg3 Ng6 25. Nf6 Rf5 26. h4 Bxf6 27. gxf6
Ne5 28. Bh3 Rg8+ 29. Kf2 Rxf6 30. Rg1 Rxg1 31. Kxg1 Rf4 32. Kf2 Rxh4 33. Rxe5
dxe5 34. d6 Rxh3 35. d7 Rh2+ 0-1

[Event "Mittelfrankenliga 05/06 (B2a)"]
[Site "Mfr.2005/06-R8"]
[Date "2006.04.02"]
[Round "8.3"]
[White "Eckhardt, Wladislaw"]
[Black "Brunner, Wolfgang"]
[Result "1/2-1/2"]
[WhiteElo "2144"]
[BlackElo "1925"]
[Annotator "Neumarkt1-SZ Fürth1"]
[PlyCount "54"]
[EventDate "2006.04.02"]
[SourceDate "2005.10.17"]

1. Nf3 d5 2. c4 e6 3. g3 Nf6 4. Bg2 Nbd7 5. b3 c6 6. O-O Bd6 7. d3 Qc7 8. Bb2
O-O 9. Qc2 b6 10. e4 Bb7 11. Re1 dxe4 12. dxe4 e5 13. Nbd2 Rad8 14. Rad1 Rfe8
15. Nf1 Bc5 16. h3 b5 17. a3 a5 18. Rd2 b4 19. a4 h6 20. Red1 Bc8 21. g4 Nh7
22. Ng3 Nhf8 23. Nf5 Ng6 24. Qc1 f6 25. h4 Nf4 26. Bf1 Nf8 27. h5 N8e6 1/2-1/2

[Event "Mittelfrankenliga 05/06 (B2a)"]
[Site "Mfr.2005/06-R8"]
[Date "2006.04.02"]
[Round "8.4"]
[White "Kipferl, Wolfgang,Dr."]
[Black "Hepting, Heinrich"]
[Result "1/2-1/2"]
[WhiteElo "1832"]
[BlackElo "2155"]
[Annotator "Neumarkt1-SZ Fürth1"]
[PlyCount "72"]
[EventDate "2006.04.02"]
[SourceDate "2005.10.17"]

1. e4 c5 2. Nf3 e6 3. d4 cxd4 4. Nxd4 a6 5. Be3 Nf6 6. Nd2 Qc7 7. c4 d6 8. Be2
Nbd7 9. O-O b6 10. Rc1 Bb7 11. f3 Rg8 12. b4 g5 13. Qc2 Rc8 14. N2b3 g4 15. a4
gxf3 16. Bxf3 Ne5 17. Nd2 Nfg4 18. Bxg4 Nxg4 19. Qb3 d5 20. Bf4 e5 21. Bg3 dxe4
22. c5 bxc5 23. Ne6 Qd7 24. Nxc5 Bxc5+ 25. Rxc5 Rg7 26. Rxc8+ Bxc8 27. Qc3 e3
28. Ne4 Bb7 29. Bxe5 Nxe5 30. Qxe5+ Kf8 31. Qc5+ Qe7 32. Qxe7+ Kxe7 33. Ng3 Rg4
34. b5 Rxa4 35. bxa6 Bxa6 36. Re1 e2 1/2-1/2

[Event "Mittelfrankenliga 05/06 (B2a)"]
[Site "Mfr.2005/06-R8"]
[Date "2006.04.02"]
[Round "8.5"]
[White "Stolpynskyy, Mark"]
[Black "Niebler, Andreas"]
[Result "1-0"]
[WhiteElo "2114"]
[BlackElo "1826"]
[Annotator "Neumarkt1-SZ Fürth1"]
[PlyCount "65"]
[EventDate "2006.04.02"]
[SourceDate "2005.10.17"]

1. d4 Nf6 2. Nf3 g6 3. Bf4 d6 4. e3 Bg7 5. h3 c6 6. c3 Qb6 7. Qb3 Nbd7 8. Nbd2
O-O 9. Bc4 d5 10. Be2 Re8 11. O-O Nh5 12. Bh2 e5 13. dxe5 Nxe5 14. Nxe5 Bxe5
15. Bxh5 Bxh2+ 16. Kxh2 Qc7+ 17. Kg1 gxh5 18. Qd1 Qe5 19. Nf3 Qg7 20. Qd4 f6
21. Kh1 Bf5 22. Nd2 Kh8 23. Rg1 Qf7 24. Qf4 Bg6 25. f3 Re7 26. e4 Rae8 27. exd5
cxd5 28. Rac1 b5 29. b3 Re5 30. a3 Qe7 31. b4 Bd3 32. Nb3 Bg6 33. Nd4 1-0

[Event "Mittelfrankenliga 05/06 (B2a)"]
[Site "Mfr.2005/06-R8"]
[Date "2006.04.02"]
[Round "8.6"]
[White "Moesl, Sebastian"]
[Black "Schatz, Werner[33]"]
[Result "0-1"]
[WhiteElo "1793"]
[BlackElo "2010"]
[Annotator "Neumarkt1-SZ Fürth1"]
[PlyCount "106"]
[EventDate "2006.04.02"]
[SourceDate "2005.10.17"]

1. e4 c5 2. Nc3 Nc6 3. f4 e6 4. Nf3 g6 5. d3 Bg7 6. Bd2 d5 7. e5 a6 8. Be2 b5
9. a3 Nh6 10. O-O O-O 11. Qe1 f6 12. exf6 Bxf6 13. Rb1 Nf5 14. Nd1 Qd6 15. c3
Bd7 16. Nf2 Nh6 17. Nh3 Nf7 18. Kh1 Rae8 19. Nhg5 Nxg5 20. Nxg5 e5 21. fxe5
Qxe5 22. Rxf6 Qxf6 23. Qh4 h5 24. Bf3 Kg7 25. h3 Re5 26. Qg3 Bf5 27. Rf1 Bxd3
28. Be2 Bf5 29. Bd1 Rfe8 30. Nf3 Be4 31. Kg1 Rf5 32. Be2 Ne5 33. Nh4 Rxf1+ 34.
Bxf1 Rf8 35. Be2 d4 36. Bg5 Qe6 37. Bf4 Rxf4 38. Qxf4 d3 39. Qxe4 dxe2 40. Qxe2
Qd5 41. Kh2 c4 42. Qf2 Nd3 43. Qa7+ Kh6 44. Nf3 Qd6+ 45. Kh1 Nxb2 46. Qe3+ Kg7
47. Qa7+ Kf6 48. Qe3 Nd3 49. Nd2 Kg7 50. Ne4 Qe5 51. Qa7+ Kh6 52. Qe3+ Qf4 53.
Qd4 Qxe4 0-1

[Event "Mittelfrankenliga 05/06 (B2a)"]
[Site "Mfr.2005/06-R8"]
[Date "2006.04.02"]
[Round "8.7"]
[White "Pidtoptanyy, Igor"]
[Black "Runde, Eduard"]
[Result "1-0"]
[WhiteElo "1871"]
[BlackElo "1614"]
[Annotator "Neumarkt1-SZ Fürth1"]
[PlyCount "81"]
[EventDate "2006.04.02"]
[SourceDate "2005.10.17"]

1. e4 e5 2. Nf3 Nc6 3. Bb5 d6 4. d4 Bd7 5. O-O a6 6. Bxc6 bxc6 7. dxe5 Bg4 8.
Bf4 Qd7 9. Qd3 Bxf3 10. Qxf3 Qe6 11. exd6 cxd6 12. Nc3 Be7 13. Rad1 Nf6 14. e5
dxe5 15. Bxe5 O-O 16. Rfe1 Rfe8 17. Bd6 Qd7 18. Bxe7 Rxe7 19. Rxe7 Qxe7 20.
Qxc6 Re8 21. Qxa6 h6 22. h3 Nh5 23. Qd6 Qg5 24. Qd5 Qg6 25. Qf3 Nf6 26. Qd3 Qg5
27. a4 Qa5 28. Qb5 Qa8 29. b3 Rb8 30. Qd3 Rc8 31. Nd5 Nxd5 32. Qxd5 Qb8 33. a5
Qa7 34. c4 Rc5 35. Qd8+ Kh7 36. Qd3+ g6 37. b4 Rf5 38. c5 Qb7 39. Qc4 Kg7 40.
c6 Qc7 41. b5 1-0

[Event "Mittelfrankenliga 05/06 (B2a)"]
[Site "Mfr.2005/06-R8"]
[Date "2006.04.02"]
[Round "8.8"]
[White "Appl, Rudolf"]
[Black "Engel, Georg[49]"]
[Result "0-1"]
[WhiteElo "1734"]
[BlackElo "1506"]
[Annotator "Neumarkt1-SZ Fürth1"]
[PlyCount "130"]
[EventDate "2006.04.02"]
[SourceDate "2005.10.17"]

1. b3 d5 2. Bb2 Nf6 3. Nf3 g6 4. g3 Bg7 5. Bg2 O-O 6. O-O Nbd7 7. d3 b6 8. c4
dxc4 9. Nd4 Ba6 10. Bxa8 Qxa8 11. bxc4 Nh5 12. Qc2 c5 13. Nf3 Bb7 14. Bxg7 Nxg7
15. Nbd2 f5 16. Rfe1 f4 17. g4 Qc8 18. h3 Nf6 19. Nh2 h5 20. f3 Qd8 21. Qb2 Ne6
22. Rad1 hxg4 23. hxg4 Kf7 24. Ne4 Rh8 25. g5 Nxe4 26. dxe4 Nd4 27. Ng4 e6 28.
Kf2 Qxg5 29. Rh1 Rh4 30. Rdg1 Qh5 31. Ne5+ Kf6 32. Ng4+ Ke7 33. Rxh4 Qxh4+ 34.
Kf1 Qh3+ 35. Ke1 Qh8 36. Qd2 Qh4+ 37. Kd1 g5 38. Qe1 Qxe1+ 39. Rxe1 Ba6 40. Rh1
Bxc4 41. Rh7+ Kd6 42. Rh2 a5 43. a3 Nb5 44. e3 Nxa3 45. Rd2+ Ke7 46. exf4 gxf4
47. Ne5 Bb3+ 48. Kc1 c4 49. Rd7+ Kf6 50. Ng4+ Kg5 51. Rb7 b5 52. Kb2 b4 53. Rc7
Bd1 54. Rc5+ Kh4 55. Rxa5 c3+ 56. Kc1 Bxf3 57. Nf6 Be2 58. Ra8 f3 59. Rh8+ Kg5
60. e5 Kf4 61. Rh4+ Kxe5 62. Ng4+ Kd6 63. Nf2 b3 64. Ne4+ Ke5 65. Nxc3 f2 0-1

[Event "Mittelfrankenliga 05/06 (B2a)"]
[Site "Mfr.2005/06-R8"]
[Date "2006.04.02"]
[Round "8.1"]
[White "Kalender, Benjamin"]
[Black "Poelsterl, Hans"]
[Result "1-0"]
[WhiteElo "2040"]
[BlackElo "1852"]
[Annotator "Siem.Erlangen1-Forchheim3"]
[PlyCount "59"]
[EventDate "2006.04.02"]
[SourceDate "2005.10.17"]

1. d4 Nf6 2. c4 g6 3. Nc3 Bg7 4. e4 d6 5. Be2 O-O 6. Nf3 Bg4 7. O-O Nfd7 8. Be3
Nc6 9. d5 Bxf3 10. Bxf3 Nce5 11. Be2 Nc5 12. b4 Na6 13. Qb3 c5 14. dxc6 Nxc6
15. a3 Nd4 16. Bxd4 Bxd4 17. Rad1 Bg7 18. c5 Qc8 19. Nd5 Qd7 20. Bxa6 bxa6 21.
Qc4 e6 22. Ne3 Qc7 23. Rxd6 Be5 24. Rxa6 Bxh2+ 25. Kh1 Rfd8 26. g3 Bxg3 27.
fxg3 Rd2 28. Qc3 Ra2 29. Ng4 Qb7 30. Nh6+ 1-0

[Event "Mittelfrankenliga 05/06 (B2a)"]
[Site "Mfr.2005/06-R8"]
[Date "2006.04.02"]
[Round "8.2"]
[White "Mueller, Stefan[65]"]
[Black "Haubold, Martin"]
[Result "1-0"]
[WhiteElo "1967"]
[BlackElo "2005"]
[Annotator "Siem.Erlangen1-Forchheim3"]
[PlyCount "75"]
[EventDate "2006.04.02"]
[SourceDate "2005.10.17"]

1. e4 c6 2. d4 d5 3. exd5 cxd5 4. Bd3 Nc6 5. c3 Nf6 6. h3 e6 7. Nf3 Bd6 8. Bg5
Bd7 9. a4 a6 10. O-O Qc7 11. Nbd2 Bf4 12. Qc2 Bxg5 13. Nxg5 h6 14. Ngf3 Rc8 15.
Qd1 O-O 16. Re1 Rfe8 17. Ne5 Na5 18. Qf3 b5 19. Nxd7 Nxd7 20. axb5 axb5 21.
Bxb5 Re7 22. Qd3 Nc4 23. Nxc4 dxc4 24. Qe2 Nb6 25. Qe5 Qd8 26. Re3 Nd5 27. Rg3
f6 28. Qe4 Qb6 29. Bxc4 f5 30. Qe2 f4 31. Rf3 Qd6 32. Ra6 Nb6 33. Bd3 e5 34.
Qe4 exd4 35. Qh7+ Kf8 36. Rxb6 Qxb6 37. Qh8+ Kf7 38. Rxf4+ 1-0

[Event "Mittelfrankenliga 05/06 (B2a)"]
[Site "Mfr.2005/06-R8"]
[Date "2006.04.02"]
[Round "8.4"]
[White "Fainberg, Jakob"]
[Black "Radeck, Jochen,Dr."]
[Result "0-1"]
[WhiteElo "1961"]
[BlackElo "1888"]
[Annotator "Siem.Erlangen1-Forchheim3"]
[PlyCount "64"]
[EventDate "2006.04.02"]
[SourceDate "2005.10.17"]

1. d4 Nf6 2. c4 c5 3. Nf3 cxd4 4. Nxd4 Nc6 5. Nc3 g6 6. Bf4 d6 7. e3 Bg7 8. Be2
Qb6 9. Nxc6 bxc6 10. Qc2 Rb8 11. Rb1 O-O 12. O-O Bg4 13. f3 Bf5 14. Bd3 Nh5 15.
Na4 Bxd3 16. Qxd3 Nxf4 17. Nxb6 Nxd3 18. Nd7 Rxb2 19. Nxf8 Bxf8 20. Rxb2 Nxb2
21. c5 d5 22. Rb1 Bg7 23. g4 f5 24. h3 Kf7 25. Kg2 Ke6 26. Kg3 h6 27. f4 a5 28.
gxf5+ Kxf5 29. Kf3 Bc3 30. a3 e5 31. Rc1 d4 32. exd4 exd4 0-1